| 000 | 00872nas a2200289 4500 | ||
|---|---|---|---|
| 001 | BR2015006431 | ||
| 003 | BR-BrBNA | ||
| 005 | 20231205125859.0 | ||
| 007 | ta | ||
| 008 | 230509b bl.|||p| |||| 00| 00por d | ||
| 040 |
_aBR-BrBNA _bpor _cBiblioteca Nacional de Agricultura |
||
| 041 | _a(Pt) | ||
| 072 | _aF50 | ||
| 100 | 1 | _aAlbuquerque, E.S.B. de | |
| 100 | 1 | _aNeves, L. de J. | |
| 245 | 1 | _aAnatomia foliar de Alpinia zerumbet (Pers.)Burtt Smith (Zingiberaceae) | |
| 650 | _aANATOMIA VEGETAL | ||
| 650 | _aZINGIBERACEAE | ||
| 650 | _aALPINIA | ||
| 650 | _aCARDOMOMO | ||
| 650 | _aPLANTA MEDICINAL | ||
| 650 | _aTAXONOMIA VEGETAL | ||
| 650 | _aMORFOLOGIA VEGETAL | ||
| 773 | 0 |
_tActa Botanica Brasilica (Brazil) _xISSN 0102-3306 _g(Jan- Mar 2004), v. 18(1) p. 109-121 _wBR2015006431 |
|
| 909 |
_a202311 _bLúcia _c55 _dLúcia Elande |
||
| 942 |
_2AGRIS _n0 _cANA |
||
| 999 |
_c246676 _d246676 |
||